Economic man; (Record no. 7524)

MARC details
000 -LEADER
fixed length control field 00477cam a2200169 4500
001 - CONTROL NUMBER
control field 1213984
003 - CONTROL NUMBER IDENTIFIER
control field NG-AbAUS
005 - DATE AND TIME OF LATEST TRANSACTION
control field 20230319005602.0
008 - FIXED-LENGTH DATA ELEMENTS--GENERAL INFORMATION
fixed length control field 740409s1974 nyua b 001 0 eng
040 ## - CATALOGING SOURCE
Original cataloging agency DLC
Transcribing agency DLC
Modifying agency m.c.
-- ZCU
082 ## - DEWEY DECIMAL CLASSIFICATION NUMBER
Classification number 330
100 1# - MAIN ENTRY--PERSONAL NAME
Personal name Schneider, Harold K.
9 (RLIN) 541
245 10 - TITLE STATEMENT
Title Economic man;
Remainder of title the anthropology of economics
Statement of responsibility, etc [by] Harold K. Schneider.
260 ## - PUBLICATION, DISTRIBUTION, ETC. (IMPRINT)
Place of publication, distribution, etc New York,
Name of publisher, distributor, etc Free Press
Date of publication, distribution, etc [1974]
300 ## - PHYSICAL DESCRIPTION
Extent x, 278 p.
Other physical details illus.
Dimensions 22 cm.
942 ## - ADDED ENTRY ELEMENTS (KOHA)
Source of classification or shelving scheme Dewey Decimal Classification
Item type Book

No items available.